MARC details
| 000 -LÍDER |
| campo de controle de tamanho fixo |
01141nac a22003137a 4500 |
| 001 - NÚMERO DE CONTROLE |
| campo de controle |
BR8205099 |
| 003 - IDENTIFICADOR DO NÚMERO DE CONTROLE |
| campo de controle |
BR-BrBNA |
| 005 - DATA E HORÁRIO DA ÚLTIMA TRANSAÇÃO |
| campo de controle |
20240105115502.0 |
| 008 - CAMPO DE DADOS FIXOS--INFORMAÇÃO GERAL |
| campo de controle de tamanho fixo |
230509b bl.|||m| |||| 00| 0 por d |
| 040 ## - FONTE DA CATALOGAÇÃO |
| Instituição da catalogação original |
BR-BrBNA |
| Idioma da catalogação |
por |
| Instituição que transcreveu o registro |
Biblioteca Nacional de Agricultura |
| 072 ## - CÓDIGO DE CATEGORIA DE ASSUNTO |
| Código de Categoria de Assunto |
F22; F23 |
| 090 ## - NÚMERO DE CHAMADA LOCAL |
| Número de chamada |
F22 BR8205099 |
| 100 1# - ENTRADA PRINCIPAL--NOME PESSOAL |
| Nome pessoal |
Costa, E.F. da |
| 100 1# - ENTRADA PRINCIPAL--NOME PESSOAL |
| Nome pessoal |
Couto, L. |
| 110 1# - ENTRADA PRINCIPAL--NOME CORPORATIVO |
| Nome corporativo ou nome da jurisdição |
Centro Nacional de Pesquisa de Milho e Sorgo, Sete Lagoas, MG (Brasil) |
| 9 (RLIN) |
1790 |
| 245 1# - TÍTULO |
| Título |
Comparacao dos metodos anel volumetrico e radiacao gama na determinacao da densidade aparente do solo [latossolo vermelho escuro, latossolo vermelho amarelo, fisica do solo, quimica do solo, Brasil] |
| 260 3# - PUBLICAÇÃO, DISTRIBUIÇÃO, ETC. |
| Local de publicação, distribuição, etc. |
Sete Lagoas, MG (Brasil): |
| Data da publicação, distribuição, etc. |
1982. |
| 300 ## - DESCRIÇÃO FÍSICA |
| Extensão |
8 p. |
| 490 ## - TÍTULO DA SÉRIE |
| Título da série |
Comunicado Tecnico - Centro Nacional de Pesquisa de Milho e Sorgo (Brazil) |
| Número do volume ou designação sequencial da série |
no. 1 |
| ISSN - International Standard Serial Number |
|
| 650 ## - ASSUNTO--TERMO TÓPICO |
| Cabeçalho tópico ou nome geográfico |
FISICA DO SOLO |
| 650 ## - ASSUNTO--TERMO TÓPICO |
| Cabeçalho tópico ou nome geográfico |
QUIMICA DO SOLO |
| 650 ## - ASSUNTO--TERMO TÓPICO |
| Cabeçalho tópico ou nome geográfico |
LATOSSOLO VERMELHO ESCURO |
| 650 ## - ASSUNTO--TERMO TÓPICO |
| Cabeçalho tópico ou nome geográfico |
LATOSSOLO VERMELHO AMARELO |
| 650 ## - ASSUNTO--TERMO TÓPICO |
| Cabeçalho tópico ou nome geográfico |
POROSIDADE |
| 650 ## - ASSUNTO--TERMO TÓPICO |
| Cabeçalho tópico ou nome geográfico |
RAIO GAMA |
| 650 ## - ASSUNTO--TERMO TÓPICO |
| Cabeçalho tópico ou nome geográfico |
SOLO |
| 909 ## - |
| -- |
202312 |
| -- |
Lúcia Elande |
| -- |
55 |
| -- |
Lúcia Elande |
| 942 ## - ELEMENTOS DE ENTRADA ADICIONADOS (KOHA) |
| Fonte da classificação ou esquema de arquivamento na estante |
Classificação AGRIS |
| Ocultar no OPAC |
Não |
| Tipo de material Koha |
Monografia Seriada |